=LDR 00000nam 2200000 4500 =001 INLIS000000000021117 =005 20130612120015 =008 ***********************************Ind** =035 ##$$0010-061300000021117 =041 ##$$a Ind =082 ##$$a 327.1 =090 ##$$a 327.1, Dja b =100 ##$$a Djamal, Djasmir =245 ##$$a Buku materi pokok hubungan dan lembaga internasional, Drs. Djamali Djamal =260 ##$$a 1986 $b Jakarta =300 ##$$a 39 hlm, 28 cm =650 ##$$a Politik luar negeri =850 ##$$a NBPNMAT